| 000 | 00411nam a22001457a 4500 | ||
|---|---|---|---|
| 008 | 230619b xxu||||| |||| 00| 0 eng d | ||
| 020 | _a9291461490 | ||
| 082 |
_a305.569 _bCBS |
||
| 110 | _bCentral Bureau of Statistics | ||
| 245 |
_a Geographic Dimensions of Well-being in Kenya _bWhere are the Poor? |
||
| 260 |
_aKenya _bCentral Bureau of Statistics _c2003 |
||
| 300 | _a163p | ||
| 440 | _vI | ||
| 942 |
_2ddc _cBK |
||
| 999 |
_c1389 _d1389 |
||